000 00604nam a2200193 a 4500
001 BRCA_1367
005 20190320203409.0
008 820308s1977 mx-a---##b---f000-0#spa-#
040 _aDLC
_cDLC
_dDLC
050 4 _aF1391.C3
_b.P53 1977
100 1 _aPiña Chan, Román
_9819
245 1 0 _aCampeche durante el período colonial
_cRomán Piña Chan.
260 _aMéxico
_bINAH : SEP
_c1977
300 _a156 p.
_bil.
_c25 cm.
504 _aBibliografía: p. [153]-156.
650 1 4 _aPeríodo colonial
_xHistoria
_zCampeche
_94473
651 4 _aCampeche (Campeche, México)
_xHistoria
_94474
942 _2lcc
_cB
999 _c1229
_d1229